| 000 | 00676nam a2200217 a 4500 | ||
|---|---|---|---|
| 005 | 20210223132913.0 | ||
| 008 | 160504s2003 es r 000 0 spa d | ||
| 020 | _a8495939622 | ||
| 035 | _aUPN01000210172 | ||
| 049 | _aI | ||
| 050 | 4 |
_aBF469 _bP5.3 |
|
| 100 | 1 |
_aPittau, Francesco, _d1956- _939044 |
|
| 245 | 1 | 4 |
_aLos contrarios / _cPittau y Gervais ; tr. Ursel Fischer. |
| 260 |
_aBarcelona, Esp. : _bBlume, _c2003. |
||
| 300 |
_a[73] p. : _bprincipalmente il. col. |
||
| 534 |
_pTÃtulo original: _tLes contraires |
||
| 650 | 4 |
_aPERCEPCION ESPACIAL - _vLITERATURA INFANTIL _924635 |
|
| 700 | 1 |
_aGervais, Bernadette, _ecoaut. |
|
| 905 | _aInfantil | ||
| 999 |
_c182273 _d182273 |
||